000 00646cam a22002291 4500
001 sa 67004187
003 DLC
005 20260227112344.0
008 820308s1966 ii 100 0 eng
010 _asa 67004187
025 _aPL480:I-E-8206
035 _a(OCoLC)9800696
040 _aDLC
_cMnSU
_dDLC
042 _apremarc
050 0 0 _aTS1300
_b.S92 1965
111 2 _aSymposium on Textiles of 1985
_d((1965 : :
_cAhmedabad))
245 0 0 _aProceedings.
260 _a[Ahmedabad]
_bAhmedabad Textile Industry's Research Association,
_c1966.
300 _aii, 40 p.
_c27 cm.
650 0 _aTextile industry.
650 0 _aTextile fabrics.
999 _c74302
_d74302